| 000 | 00873cam a22002771 4500 | ||
|---|---|---|---|
| 001 | 31312 | ||
| 003 | BD-RjUL | ||
| 005 | 20211209051702.0 | ||
| 008 | 140415s1961 pk 001 0 eng | ||
| 035 | _a(BD-RjUL)31399 | ||
| 035 | _a(OCoLC)1107290 | ||
| 040 |
_aDLC _cMH-AH _dDLC _beng |
||
| 041 | _aeng | ||
| 082 |
_a181.07 _bIQS 1961 _223 |
||
| 100 | 1 |
_aIqbal, Muhammad, _d1877-1938. _995290 |
|
| 245 | 1 | 0 |
_aStray reflections : _ba note-book of Allama Iqbal / _cMuhammad Iqbal ; edited by Javid Iqbal |
| 260 |
_aLahore : _bSh. Ghulam Ali & sons, _c1961. |
||
| 300 |
_axxxvi, 161 p. : _bill. ; _c17 cm. |
||
| 504 | _aIncludes index | ||
| 600 |
_aIqbal, Muhammad, _cSir, _d1877-1938 _9220870 |
||
| 650 |
_aIslamic philosophy _9220859 |
||
| 650 |
_aPhilosophy, Modern _9220860 |
||
| 700 | 1 |
_aIqbal, Javid _d1924- _eed. _982072 |
|
| 740 | 0 | _aStray thoughts. | |
| 942 |
_2ddc _cBK |
||
| 999 |
_c31312 _d31312 |
||